|
|
|
|
| LEADER |
01651nam a2200301 a 4500 |
| 001 |
GR-Patra25017 |
| 008 |
080403s1998 gr g b 001 0 eng d |
| 020 |
|
|
|a 0674815661
|
| 040 |
|
|
|a GrPaTEI
|b gre
|c GR-PaULI
|
| 040 |
|
|
|a GrPaTEI
|b gre
|c GR-PaULI
|
| 082 |
|
0 |
|a 306
|2 21
|
| 100 |
1 |
|
|a Holland, Dorothy
|
| 245 |
1 |
0 |
|a Identity and agency in cultural worlds /
|c Dorothy Holland ... [et al.].
|
| 260 |
|
|
|a Cambridge :
|b Harvard University Press,
|c c1998
|
| 300 |
|
|
|a ix, 349 σ.
|
| 500 |
|
|
|a Προπτυχιακά προγράμματα σπουδών ΑΤΕΙ Πάτρας, Μέτρο 2.2, Ενέργεια 2.2.2, Κατηγορία πράξεων 2.2.2.α., Υποέργο: 7, Προμήθεια εκπαιδευτικού υλικού, ΕΠΕΑΕΚ ΙΙ - Γ' ΚΠΣ
|
| 504 |
|
|
|a Περιλαμβάνει βιβλιογραφίες και ευρετήριο.
|
| 610 |
0 |
4 |
|a Προπτυχιακά προγράμματα σπουδών ΤΕΙ Πάτρας.
|b Μέτρο2.2, Ενέργεια 2.2.2 Κατηγορία Πράξεων 2.2.2.α. Υποέργο: 7 Προμήθεια εκπαιδευτικού υλικού ΕΠΕΑΕΚ ΙΙ Γ' ΚΠΣ
|
| 650 |
|
0 |
|a Agent (Philosophy)
|
| 650 |
|
0 |
|a Culture
|
| 650 |
|
0 |
|a Identity (Psychology)
|
| 650 |
|
4 |
|a Πολιτισμός
|
| 650 |
|
4 |
|a Ταυτότητα (Ψυχολογία)
|
| 710 |
2 |
|
|a Harvard University.
|b Press.
|
| 942 |
|
|
|2 ddc
|
| 952 |
|
|
|0 0
|1 0
|2 ddc
|4 0
|6 306_000000000000000_HOL
|7 0
|9 306436
|a LISK
|b LISK
|c BSC
|d 2021-01-17
|e 24
|f 0
|g 0.00
|l 0
|o 306 HOL
|p 92410038640
|r 2021-01-17 00:00:00
|t 1
|w 2021-01-17
|y BK15
|x 20080404 0 1
|x GrPaTEI
|
| 971 |
|
|
|a .b26725897
|b 08-10-20
|c 26-09-16
|
| 999 |
|
|
|c 177070
|d 177070
|